=LDR 00000nam 2200000 4500 =001 NUTBA000000000002933 =005 20140711154329.0 =006 =007 =008 =020 ##$$a 979-15639-0-x =035 ##$$a 0010-071400000000121 =040 ##$$a Ind =084 ##$$a 808. 83 =090 ##$$a 808. 83$bAma c =100 ##$$a Amanda =245 ##$$a Cinta tidak untuk dimiliki$cAmanda =260 ##$$a Jakarta$bPustaka edral$c [Sa]. =300 ##$$a 201 HLm$c21 cm. =850 ##$$a NBPNMAT =990 ##$$a 2100191 =990 ##$$a 21400613/BPAP-NTB/20142014